| 000 | 00571nam a2200181 a 4500 | ||
|---|---|---|---|
| 001 | 2629 | ||
| 005 | 20180713182612.0 | ||
| 008 | 140415s1966 mx 000 0 spa d | ||
| 041 | _aspa | ||
| 082 |
_a972.0613 _bGOM |
||
| 100 | 1 | _aGOMEZ, MARTE R. | |
| 245 | 1 | 3 |
_aLA REFORMA AGRARIA EN LAS FILAS VILLISTAS : _bAÑOS 1913 A 1915 Y 1920 |
| 250 | _a1a ed. | ||
| 260 |
_aMEXICO : _bTALLERES GRAFICOS DE LA NACION, _c1966 |
||
| 300 | _a352 | ||
| 490 |
_aBIBLIOTECA DEL INEHRM _v39 |
||
| 650 | 1 | 4 |
_aMEXICO _xHISTORIA, 1917 _xREFORMA AGRARIA _xMEXICO _xHISTORIA, 1917 |
| 999 |
_c2629 _d2629 |
||